Normal view
MARC view
- Van Dusen, Peter
Entry Personal Name
001 - CONTROL NUMBER
- control field: 8055
003 - CONTROL NUMBER IDENTIFIER
- control field: OSt
005 - DATE AND TIME OF LATEST TRANSACTION
- control field: 20170525111650.0
008 - FIXED-LENGTH DATA ELEMENTS
- fixed length control field: 170525|| aca||aabn | a|a d
040 ## - CATALOGING SOURCE
- Original cataloging agency: OSt
- Transcribing agency: OSt
100 ## - HEADING--PERSONAL NAME
- Personal name: Van Dusen, Peter
670 ## - SOURCE DATA FOUND
- Source citation: Work cat.: (OSt)0: Detwyler, Thomas R, 1938- 8052, Pembandaran dan persekitaran :, 1985

PORTAL AKMAL
E-MEL JKDM
AKMAL2U
G-BAM
u-PUSTAKA